| 000 | 00787nam a22001937a 4500 | ||
|---|---|---|---|
| 999 |
_c217437 _d217437 |
||
| 008 | 201130b ||||| |||| 00| 0 eng d | ||
| 040 |
_bger _cDE-2950 _erda _aDE-2950 |
||
| 041 | _ager | ||
| 100 | _aMahlke, Lisa: | ||
| 245 |
_aCorona zum Trotz haben diese 14 die Abi-Note 1,0 erreicht. _bSchule: Der Abiturjahrgang stand 2021 mehr im Zeichen der Pandemie als bereits vor einem Jahr. trotzdem gab es für eine Menge Schüler sogar Bestnoten / _cLisa Mahlke |
||
| 653 | _aFrankfurt (Oder) | ||
| 653 | _aGymnasium | ||
| 653 | _aAbitur | ||
| 773 |
_dFrankfurt (Oder): Märkisches Verlags- und Druckhaus GmbH & Co KG _g32. Jahrgang (2021) Nr. 141 vom 21.06.2021, S.11: Foto _tMärkische Oderzeitung |
||
| 942 | _cA | ||